000 00627nam a2200229Ia 4500
003 OSt
005 20220925203532.0
006 a|||||r|||| 00| 0
007 ta
008 220923b |||||||| |||| 00| 0 eng d
037 _cGeneral Book
040 _aRTL
_cRTL
_beng
041 _2eng
_aeng
082 _aX62.561.N76<N70r, L6
110 _aBANK OF ENGLAND
_9266381
245 0 _aReport for the year,1970.
260 _aEngland
_bBank of England
_c1976
300 _a45p.
_ccm.
700 _aBANK OF ENGLAND
_9266382
942 _hX62.561.N76<N70r, L6
_cGB
_2CC
999 _c546830
_d546830